| 000 | 00512nam a2200133Ia 4500 | ||
|---|---|---|---|
| 008 | 220615s9999||||xx |||||||||||||| ||und|| | ||
| 100 | _aWolski, Marcin||Maurin, Laurent | ||
| 245 | 0 |
_aEIB Working Paper 2021/04 - Aggregate productivity slowdown in Europe _bNew evidence from corporate balance sheets |
|
| 546 | _aEnglish[eng] | ||
| 650 | _aBusiness & Economics||Finance | ||
| 700 | _aEuropean Investment Bank | ||
| 856 | _uhttps://library.oapen.org/bitstream/20.500.12657/50074/1/9789286150357.pdf | ||
| 942 | _cEB | ||
| 999 |
_c17689 _d17689 |
||